| 000 | 00739 a2200217 4500 | ||
|---|---|---|---|
| 003 | UA-OsUOA | ||
| 005 | 20260429143811.0 | ||
| 008 | 260429b un ||||| |||| 00| 0 ukr d | ||
| 040 |
_aUA-OsUOA _bukr _cUA-OsUOA _dUA-OsUOA |
||
| 041 | _aukr | ||
| 080 | _a82-34 | ||
| 090 |
_a82-34 _bЛ97 |
||
| 100 |
_aЛяґерлеф С. _925131 |
||
| 245 |
_aУ різдвяну ніч _bлегенди _cСельма Ляґерлеф |
||
| 260 |
_bОО. Василіан _c1959 _aТоронто |
||
| 300 | _a144 с. | ||
| 650 |
_2UDC _a82 Література. Літературознавство _915 |
||
| 942 |
_cBK _2udc |
||
| 955 | _a3 | ||
| 999 |
_c580616 _d580616 |
||